| 000 | 00991nam a22002777a 4500 | ||
|---|---|---|---|
| 001 | 7594 | ||
| 003 | FISKH | ||
| 005 | 20250725101145.0 | ||
| 008 | 250725b cb ||||| |||| 00| 0 eng d | ||
| 020 | _a033500712005 | ||
| 040 |
_aFISKH _beng _cFISKH _dFISKH |
||
| 050 | _aPZ7.R719154 B | ||
| 082 | _a630 | ||
| 100 | _aRosenberg-Turow, Cathi | ||
| 245 |
_aBig bird's day on the farm : _bSesame Street / _cby Cathi Rosenberg-Turow ; Illustrated by Maggie Swanson |
||
| 260 |
_aNew York : _bWestern Publishing Company, _c1985 |
||
| 300 |
_a24 unnumbered pages : _bcolor illustrations ; _c21 cm |
||
| 505 | _aG | ||
| 520 | _aWhile trying to find Sesame Street, Big Bird stops at a farm and learns where eggs, milk, honey, and various fruits and vegetables come from. | ||
| 521 | 8 |
_a380
_bLexile estimate |
|
| 521 | 8 |
_aG
_bRaz-Plus |
|
| 650 |
_aAnimals _vBig Bird _xLittle Golden Book _yFarm |
||
| 700 |
_aSwanson, Maggie _eIllustrator |
||
| 942 |
_2ddc _cBK _n0 |
||
| 999 |
_c7594 _d7594 |
||